لماذا للكنغر جراب وغيرها من الأسئلة عن صغار الحيوانات / (رقم التسجيلة. 58125)

تفاصيل مارك
000 -LEADER
fixed length control field 00701nam a22002177a 4500
005 - DATE AND TIME OF LATEST TRANSACTION
control field 20251108171147.0
008 - FIXED-LENGTH DATA ELEMENTS--GENERAL INFORMATION
fixed length control field 250721s1997 xx 000 0 ara d
020 ## - INTERNATIONAL STANDARD BOOK NUMBER
International Standard Book Number 2844095089
082 14 - DEWEY DECIMAL CLASSIFICATION NUMBER
Classification number ط/591/وود
100 1# - MAIN ENTRY--PERSONAL NAME
Personal name وود، جيني
245 10 - TITLE STATEMENT
Title لماذا للكنغر جراب وغيرها من الأسئلة عن صغار الحيوانات /
264 1# - PRODUCTION, PUBLICATION, DISTRIBUTION, MANUFACTURE, AND COPYRIGHT NOTICE
Place of production, publication, distribution, manufacture بيروت :
Name of producer, publisher, distributor, manufacturer الدار العربية للعلوم،
Date of production, publication, distribution, manufacture, or copyright notice 1997.
300 ## - PHYSICAL DESCRIPTION
Extent 31ص.
490 0# - SERIES STATEMENT
Series statement لماذا
650 17 - SUBJECT ADDED ENTRY--TOPICAL TERM
Topical term or geographic name as entry element الحيوان
650 17 - SUBJECT ADDED ENTRY--TOPICAL TERM
Topical term or geographic name as entry element الكنغر
653 ## - INDEX TERM--UNCONTROLLED
Uncontrolled term أطفال مرحلة متوسطة (6-9)سنوات
700 1# - ADDED ENTRY--PERSONAL NAME
Personal name سماحة، ناتالي
Relator term ترجمة
942 ## - ADDED ENTRY ELEMENTS (KOHA)
Source of classification or shelving scheme Dewey Decimal Classification
Koha item type كتب
المقتنيات
حالة السحب حالة الفقدان مصدر التصنيف حالة التلف غير قابل للإعارة المكتبة الرئيسية المكتبة الحالية موقع الرف تاريخ التزويد الرقم المتسلسل Total Checkouts رقم الإستدعاء تاريخ آخر ظهور تاريخ الفاتورة نوع المادة (كوها) الباركود
    Dewey Decimal Classification Unchecked   مكتبة صويلح العامة مكتبة صويلح العامة الأطفال 06/07/2004 6545   ط/591/وود 28/07/2025 06/07/2004 كتب  
    Dewey Decimal Classification     مكتبة مرج الحمام مكتبة مرج الحمام الأطفال 28/07/2025 1136716   ط/591/وود 28/07/2025 28/07/2025 كتب 1136716
Implemented & Customized by: BBB with SCIT (Smart Chains for Information Technology)

Powered by Koha